| 000 | 02700nam0a2200409 4500 | ||
|---|---|---|---|
| 001 | RU\NLR\BIBL_A\022759732 | ||
| 005 | 20260524043602.0 | ||
| 010 |
_a978-5-6051264-4-7 _9500 |
||
| 021 |
_aRU _bКН-П-26-005980 _9КН-П-26-0583 |
||
| 035 | _a(NLR Aleph) 022759732 | ||
| 090 |
_a13709356 _c13709356 |
||
| 100 | _a20260319d2025 k y0rusy50 ca | ||
| 101 | 0 | _arus | |
| 102 | _aRU | ||
| 105 | _aa z 000yy | ||
| 181 | 0 |
_ai3 _baxxe |
|
| 182 | 0 | _an | |
| 200 | 1 |
_aУстойчивость разноуровневых социо-эколого-экономических систем в современных условиях _eмонография _f[д-ра экон. наук, профессора Р. Ф. Гатауллин, Д. А. Гайнанов, А. Г. Шеломенцев и др.] _gпод общей редакцией д-ра экон. наук, проф. Р. Ф. Гатауллина _gМинистерство науки и высшего образования Российской Федерации, Институт социально-экономический исследований Федерального государственного бюджетного научного учреждения Уфимского федерального исследовательского центра Российской академии наук |
|
| 203 |
_aТекст _bвизуальный _cнепосредственный |
||
| 210 |
_aУфа _cИСЭИ УФИЦ РАН _d2025 |
||
| 215 |
_a219 с. _cил., табл. _d24 |
||
| 300 | _aАвт. указаны на 6-й с. | ||
| 320 | _aБиблиогр.: с. 184-207 (253 назв.) | ||
| 606 | 1 |
_aУстойчивого развития концепция _92087859 _3RU\NLR\AUTH\661263996 |
|
| 606 | 1 |
_aЭколого-экономические системы социальные _xРазвитие _92283091 _3RU\NLR\AUTH\6601595832 |
|
| 606 | 1 |
_aТерриториально-экономические системы _yРоссийская Федерация _92565201 _3RU\NLR\AUTH\661517195 |
|
| 686 | 1 | _aУ28(2Р) | |
| 686 | 1 | _aУ04(2Р)9 | |
| 701 | 1 |
_aГатауллин _bР. Ф. _gРинат Фазлтдинович |
|
| 701 | 1 |
_aГайнанов _bД. А. _cд-р экон. наук _f1956- _gДамир Ахнафович _9188332 _3RU\NLR\AUTH\770188383 |
|
| 701 | 1 |
_aШеломенцев _bА. Г. _gАндрей Геннадьевич |
|
| 712 | 0 | 2 |
_4475 _aИнститут социально-экономических исследований _cУфа _9532621 _3RU\NLR\AUTH\8810017389 |
| 942 | _cBOOK | ||
| 980 | _aNB | ||